|
|
|
|
| LEADER |
00000nam a2200000Ia 4500 |
| 008 |
180829b1984 cr ||||| |||| 00| | spa d |
| 999 |
|
|
|c 2069
|d 2069
|
| 090 |
|
|
|a 13.02.01
|b 770
|
| 100 |
1 |
|
|a Gutiérrez Artavia, Ana Victoria
|9 4153
|
| 245 |
1 |
3 |
|a La elección profesional de los estudiantes de los colegios académicos de la Educación Diversificada. Propuesta de una guía que permita desarrollar un programa de orientación profesional que favorezca aquella elección /
|c Ana Victoria Gutiérrez Artavia,Sonia Mozariegos Palacino, Flor de Marí Murillo García,
|
| 260 |
|
|
|a San José, Costa Rica :
|b IIMEC,
|c 1984
|
| 300 |
|
|
|a 96 páginas
|
| 500 |
|
|
|a Datos tomados de la cubierta Programa de Divulgación de la Investigación Educativa
|
| 650 |
1 |
4 |
|a ORIENTACIÓN PEDAGÓGICA
|9 1483
|
| 650 |
1 |
4 |
|a ORIENTACIÓN PROFESIONAL
|9 2186
|
| 650 |
1 |
4 |
|a INVESTIGACIÓN EDUCATIVA
|9 326
|
| 700 |
|
|
|a Mozariegos Palacino, Sonia
|9 4154
|
| 700 |
1 |
|
|a Murillo García, Flor de Marí
|9 4155
|
| 942 |
|
|
|i 001317
|h 13.02.01 770
|2 z
|c 04
|